00863pam a2200253 a 4500001000500000005001700005020001700022040002300039050002000062082001000082100001700092245010000109260003500209300005800244490002500302505000800327520013900335521002000474521002000494650003600514650001300550650001500563700003100578323520240221105151.0 a078073003952 aDLCcDLCdDLCbeng00aQB500.C64b199000a523.31 aCole, Joanna14aThe magic school bus, lost in the solar system /cby Cole, Joanna ; illustrated by Degen, Bruce aNew York :bScholastic ,c1990 a40 unnumbered pages : bcolor illustrations ;c20 cm. aThe Magic School Bus aN  aOn a special field trip in the magic school bus, Ms. Frizzle's class goes into outer space and visits each planet in the solar system. a570 bLexile  aN bRaz-Plus  0aAstronomyxJuvenile literature. 1aPlanets. 1aAstronomy.1 aDegen, Bruceeillustrator